000
00297nam a2200109Ia 4500
008
230907s9999||||xx |||||||||||||| ||und||
082
_a
621.3126
_b
LAR
245
0
_a
Large energy storage systems handbook /
260
_a
CRC Press,
_b
Boca Raton, Fla. :
_c
2011
300
_a
xv, 244 p. :
942
_c
BK
999
_c
601446
_d
601446